|
|
|
|
| LEADER |
00633Cam#a2200241#a#4500 |
| 001 |
003830 |
| 005 |
20160721142942.0 |
| 008 |
961024s1965####ag#a g#c #000#0#spa#d |
| 040 |
|
|
|a AR-beUNQ
|
| 082 |
0 |
4 |
|a 016.746
|2 21
|
| 099 |
|
|
|a 36-F1
|
| 100 |
1 |
|
|a Forti, Giovanna
|
| 245 |
0 |
2 |
|a Tapices /
|c Giovanna Forti, Joaquín Pichon.
|
| 260 |
|
|
|a Buenos Aires :
|b Galería Rubbers,
|c 1965
|
| 300 |
|
|
|a [4] p. :
|b il. ;
|c 19 cm.
|
| 650 |
|
7 |
|a Arte
|2 toit
|
| 650 |
|
7 |
|a Catálogos
|2 spines
|
| 650 |
|
7 |
|a Exposiciones
|2 spines
|
| 651 |
|
7 |
|a Argentina
|2 spines
|
| 700 |
1 |
|
|a Pichon, Joaquín
|
| 929 |
|
|
|j 19750
|
| 942 |
|
|
|c LIB
|n 0
|
| 999 |
|
|
|c 6606
|d 81993
|